• 首页
  • 本馆介绍
  • 公告通知
  • 最新文献
  • 馆藏检索
  • 电子资源
  • 读者导购
  • 参考咨询
  • 我的图书馆
  • 登录
  • 详细信息显示
  • 放入我的书架
  • 预约/预借图书
  • 作者相关作品
  • 分类相关作品
  • 丛书相关作品
  • 出版社相关作品

书目信息

  • 表格格式
  • 工作单格式
  • 卡片格式
题名:
实验心理学
    
 
作者: 朱滢 主编
分册:  
出版信息: 北京   北京大学出版社  2016
页数: 464页
开本: 23cm
丛书名:
单 册:
中图分类: B841.4
科图分类:
主题词: 实验心理学--shi yan xin li xue--高等教育--教材
电子资源:
ISBN: 978-7-301-27612-9
000 01155nam0 22002651 450
001 1754528652
005 20170522160125.25
010    @a978-7-301-27612-9@dCNY66.00
100    @a20161111d2016 em y0chiy50 ea
101 0  @achi
102    @aCN@b110000
105    @aa z 000yy
106    @ar
200 1  @a实验心理学@9shi yan xin li xue@dFoundations of experimental psychology@f朱滢主编@zeng
205    @a4版
210    @a北京@c北京大学出版社@d2016
215    @a464页@c图@d23cm
300    @a博雅 “十二五”普通高等教育本科国家级规划教材 教育部“国家精品课程” 北京大学“实验心理学”课程配套教材 北京大学心理学教材基础课部分
330    @a本书在介绍实验设计、心理物理学方法和反应时间等基础知识后,对各个重要的心理学领域的实验研究做了较系统的讲解,如视觉与听觉、注意、记忆、思维、心理语言学、社会认识、意识等;还特别包含了一些认知神经科学的研究,着重介绍了脑认知成像技术与眼动实验法。
510 1  @aFoundations of experimental psychology@zeng
606 0  @a实验心理学@9shi yan xin li xue@x高等教育@j教材
690    @aB841.4@v5
701  0 @a朱滢@9zhu ying@f(1939~)@4主编
801  0 @aCN@b百万庄@c20170513
905    @b1006140-5@dB841.4@e1740=4@f6
    
    实验心理学=Foundations of experimental psychology/朱滢主编.-4版.-北京:北京大学出版社,2016
    464页:图;23cm
    博雅 “十二五”普通高等教育本科国家级规划教材 教育部“国家精品课程” 北京大学“实验心理学”课程配套教材 北京大学心理学教材基础课部分
    
    ISBN 978-7-301-27612-9:CNY66.00
    本书在介绍实验设计、心理物理学方法和反应时间等基础知识后,对各个重要的心理学领域的实验研究做了较系统的讲解,如视觉与听觉、注意、记忆、思维、心理语言学、社会认识、意识等;还特别包含了一些认知神经科学的研究,着重介绍了脑认知成像技术与眼动实验法。
●
相关链接 在E读中查询图书 在五车中查询图书 在当当中查询图书 在豆瓣中查询图书


正题名:实验心理学     索取号:B841.4/1740=4         预约/预借

序号 登录号 条形码 馆藏地/架位号 状态 备注
1 1006140   210061403   第一样本阅览室/ [索取号:B841.4/1740=4] 在馆    
2 1006141   210061412   教育系资料室/ [索取号:B841.4/1740=4] 在馆    
3 1006142   210061421   教育系资料室/ [索取号:B841.4/1740=4] 在馆    
4 1006143   210061430   教育系资料室/ [索取号:B841.4/1740=4] 在馆    
5 1006144   210061449   第一借阅区/ [索取号:B841.4/1740=4] 在馆    
6 1006145   210061458   第一借阅区/ [索取号:B841.4/1740=4] 在馆    
唐山师范学院图书馆 欢迎您!
大连网信软件有限公司© 版权所有